000 00662nam a22002177a 4500
003 UA-OsUOA
001 94189
007 ta
008 20130206b un ||||| |||| 00| 0 ukr d
100 _aМовчун А.
090 _a82
_bМ74
942 _cSA
040 _aUA-OsUOA
_bukr
_cUA-OsUOA
_dUA-OsUOA
245 _aБорис Грінченко: нові життєписні факти
300 _aС.7-11
955 _a0
041 _aukr
080 _a82
773 0 _w94185
_tУкраїнська мова й література в сучасній школі
_dК.
_d2013
_g1
650 7 _a82 Література. Літературознавство
_2UDC
999 _c380431
_d380431